A collection of all the political letters in the London journal, to December 17, inclusive, 1720.

Bibliographic Details
Main Author: Trenchard, John, 1662-1723
Other Authors: Gordon, Thomas, -1750
Format: eBook
Language:English
Series:Making of the modern world (Goldsmiths'-Kress Library of Economic Literature)
Subjects:
Online Access:Connect to the full text of this electronic book

MARC

Tag First Indicator Second Indicator Subfields
LEADER 00000cam a2200000La 4500
001 in00002292829
005 20190326195450.0
006 m | d |
007 cr |n||||||||n
008 880412s1721 enk s 000 0 eng d
040 |a GKS  |c GKS  |d OCL  |d Thomson Gale  |d UtOrBLW 
043 |a e-uk--- 
100 1 |a Trenchard, John,  |d 1662-1723. 
240 1 0 |a Cato's political letters in the London journal 
245 1 2 |a A collection of all the political letters in the London journal, to December 17, inclusive, 1720. 
264 3 |a London :  |b Printed for J. Roberts ...,  |c 1721. 
300 |a 4 unnumbered pages, 60 pages 
336 |a text  |b txt  |2 rdacontent 
337 |a computer  |b c  |2 rdamedia 
338 |a online resource  |b cr  |2 rdacarrier 
500 |a Written by John Trenchard in cooperation with Thomas Gordon. Cf. NUC pre-1956. 
500 |a Reproduction of original from Goldsmiths' Library, University of London. 
500 |a Goldsmiths'-Kress number 06077. 
510 4 |a OCLC,  |c 20889510 
533 |a Electronic reproduction.  |b Farmington Hills, Mich. :  |c Thomson Gale,  |d 2005.  |f (The making of the modern world).  |n Available via the World Wide Web.  |n Access limited to licensing agreements.  |7 s2005 miunns 
500 |a Electronic resource. 
610 2 0 |a South Sea Company. 
650 0 |a Speculation  |v Early works to 1800. 
651 0 |a Great Britain  |x Politics and government  |y 1714-1727. 
655 0 |a Electronic books. 
700 1 |a Gordon, Thomas,  |d -1750. 
830 0 |a Making of the modern world (Goldsmiths'-Kress Library of Economic Literature) 
856 4 0 |u http://proxy.library.tamu.edu/login?url=http://galenet.galegroup.com/servlet/MOME?af=RN&ae=U100562762&srchtp=a&ste=14&locID=txshracd2898  |z Connect to the full text of this electronic book  |t 0 
999 |a MARS 
999 f f |s feebe48f-a3eb-3e9f-bcc2-772c2cf05dc1  |i 13390adf-5ed3-307b-b173-1a4548496780  |t 0 
952 f f |a Texas A&M University  |b College Station  |c Electronic Resources  |d Available Online  |t 0  |h No information provided 
998 f f |t 0  |l Available Online